000
00277nam a22001217a 4500
008
170613b xxu||||| |||| 00| 0 eng d
041
_a
eng
080
_a
32
100
_a
19
101
_a
SHP
245
_a
ECONOMIC PROBLRM OF LATIN AMERICA
_c
HUNTER.J.M
942
_2
udc
_c
BK
999
_c
17159
_d
17159